Monitoring system for berth construction; The 9th International Forum on Strategic Techology (IFOST-2014), September 21-23, 2014, Cox's Bazar, Bangladesh

Bibliografiske detaljer
Parent link:The 9th International Forum on Strategic Techology (IFOST-2014), September 21-23, 2014, Cox's Bazar, Bangladesh.— 2014.— [5 p.]
Institution som forfatter: Национальный исследовательский Томский политехнический университет
Andre forfattere: Butov V. G. Vladimir Grigorievich, Solonenko V. A., Yashchuk A. A., Bovsunovsky A. B., Kuleshov A. A., Rakhimov T. R. Timur Rustamovich
Summary:Title screen
This article presents the research on geometrical and finite element modeling of berth construction with consideration of pile-soil interaction. Numerical calculations of the typical loads were made based on SNiP 2.06.04-82 * and formed the basis for the selection of optimal places for strain and positioning sensors. Monitoring software system of the berth has been designed and developed based on finite element model and system of sensors. It allows to restore stress-deformed state of the berth, calculate and check safety factor values for each element of the structure. This system enables to analyze and visualize the mechanical behavior of the berth close to real time.
Sprog:engelsk
Udgivet: 2014
Serier:Civil Engineering, Urban Planning & Architecture
Poster
Fag:
Online adgang:http://180.211.172.109/ifost2014Pro/pdf/S3-P49.pdf
Format: MixedMaterials Electronisk Book Chapter
KOHA link:https://koha.lib.tpu.ru/cgi-bin/koha/opac-detail.pl?biblionumber=641715

MARC

LEADER 00000nla2a2200000 4500
001 641715
005 20250512160935.0
035 |a (RuTPU)RU\TPU\network\6632 
035 |a RU\TPU\network\6629 
090 |a 641715 
100 |a 20150529d2014 k y0rusy50 ba 
101 0 |a eng 
105 |a a z 101zy 
135 |a drcn ---uucaa 
181 0 |a i  
182 0 |a b 
200 1 |a Monitoring system for berth construction  |f V. G. Butov [et al.] 
203 |a Text  |c electronic 
225 1 |a Civil Engineering, Urban Planning & Architecture 
225 1 |a Poster 
300 |a Title screen 
320 |a [References: 10 tit.] 
330 |a This article presents the research on geometrical and finite element modeling of berth construction with consideration of pile-soil interaction. Numerical calculations of the typical loads were made based on SNiP 2.06.04-82 * and formed the basis for the selection of optimal places for strain and positioning sensors. Monitoring software system of the berth has been designed and developed based on finite element model and system of sensors. It allows to restore stress-deformed state of the berth, calculate and check safety factor values for each element of the structure. This system enables to analyze and visualize the mechanical behavior of the berth close to real time. 
337 |a Adobe Reader 
463 0 |0 (RuTPU)RU\TPU\network\6394  |t The 9th International Forum on Strategic Techology (IFOST-2014), September 21-23, 2014, Cox's Bazar, Bangladesh  |o [proceedings]  |v [5 p.]  |d 2014 
610 1 |a электронный ресурс 
610 1 |a труды учёных ТПУ 
610 1 |a конечно-элементные модели 
610 1 |a системы мониторинга 
610 1 |a датчики 
610 1 |a ANSYS 
610 1 |a причалы 
701 1 |a Butov  |b V. G.  |c physicist  |c Professor of Tomsk Polytechnic University, doctor of physical and mathematical Sciences  |f 1944-  |g Vladimir Grigorievich  |3 (RuTPU)RU\TPU\pers\34623 
701 1 |a Solonenko  |b V. A. 
701 1 |a Yashchuk  |b A. A. 
701 1 |a Bovsunovsky  |b A. B. 
701 1 |a Kuleshov  |b A. A. 
701 1 |a Rakhimov  |b T. R.  |c economist  |c Associate Professor of Tomsk Polytechnic University, Candidate of economic sciences  |f 1977-  |g Timur Rustamovich  |3 (RuTPU)RU\TPU\pers\31052  |9 15282 
712 0 2 |a Национальный исследовательский Томский политехнический университет  |c (2009- )  |9 26305 
801 2 |a RU  |b 63413507  |c 20150601  |g RCR 
850 |a 63413507 
856 4 |u http://180.211.172.109/ifost2014Pro/pdf/S3-P49.pdf 
942 |c CF